|
|
|
|
| LEADER |
00000nam a2200000 a 4500 |
| 001 |
vtls011825732 |
| 003 |
SK-MaSNL |
| 005 |
20260301050212.0 |
| 008 |
251112s1774 gw 001 0 ger |
| 015 |
|
|
|a SNBHFA1774
|
| 040 |
|
|
|a SNKHF
|b slo
|c SNK
|e AACR2
|
| 041 |
0 |
|
|a ger
|
| 044 |
|
|
|a gw
|c DE
|
| 072 |
|
7 |
|a 61
|x Lekárske vedy. Medicína
|2 konspekt
|
| 080 |
|
|
|a 61
|2 2011
|
| 080 |
|
|
|a 616
|2 2001
|
| 100 |
1 |
|
|a Buchan, William,
|d 1729-1805
|4 aut
|9 355433
|
| 245 |
1 |
0 |
|a Herrn Wilhelm Buchan's Mitglied der königlichen Gesellschaft der Aerzte zu Edinburgh Hausarztneykunst oder Anweisung wie man den Krankheiten durch eine schickliche Lebensart nicht nur vorb auen, sondern auch durch leichte Arztneymittel abhelfen solle.
|
| 246 |
3 |
3 |
|a Hausarztneykunst oder Anweisung
|
| 260 |
|
|
|a Altenburg
|b in Der Richterischen Buchhandlung
|c 1774
|
| 300 |
|
|
|a [14], 892, [20] strán
|c 21 cm
|
| 500 |
|
|
|a Vinety, iniciálky s ornamentálnym pozadím na 3-5 r., iniciálky bez pozadia na 2 r., kustódy, živé záhlavie
|
| 546 |
|
|
|a Nemčina
|b Fraktura
|
| 561 |
|
|
|a Z knižnice Učenej spoločnosti malohontskej.
|5 SNK ID 100891
|
| 563 |
|
|
|a Väzba: čiastočné kožená
|
| 650 |
0 |
7 |
|a praktická medicína
|2 SNKPH
|9 914
|
| 700 |
1 |
|
|a Königsdörfer, Georg Heinrich,
|d 1710-1788
|4 aui
|9 355434
|
| 710 |
2 |
|
|a Učená spoločnosť malohontská
|4 fmo
|9 205374
|
| 710 |
2 |
|
|a Richterische Buchhandlung (Altenburg, Nemecko),
|d 1755-1799
|4 prt
|9 355435
|
| 752 |
|
|
|a Nemecko
|d Altenburg
|
| 852 |
|
|
|a snk
|b Historické fondy
|p ID 100891
|
| 999 |
|
|
|c 600404
|d 602334
|
| 952 |
|
|
|t MHC IV.L.3
|a SNK
|b SNK
|c SNK_HF
|y PREZ
|7 0
|p 17A1301872
|o snkID 100891
|i snk2018/25339
|8 5
|0 0
|1 0
|4 0
|d 2018-11-27
|l 0
|r 2026-02-23 15:52:27
|w 2026-02-23
|